000 01302nam0a22003371 4500
001 RU\NLR\INFOCOMM_41\5000251292
005 20250613091006.0
035 _a(NLR Aleph) 009087245
090 _a8019397
_c8019397
100 _a20081216d1980 |||y0rusy50 ca
101 1 _apor
102 _aRU
105 _ay z|||000yy
181 0 _ai4
_baxxe
182 0 _an
200 1 _aPolitica social de Revolução de Outubro, Outubro de 1917 - fim de 1918
_fL. K. Báeva
_g[trad. de Inessa Chaláguina]
203 _aТекст
_bвизуальный
_cнепосредственный
210 _aΜ.
_cProgresso
_d1980
215 _a116 с.
_d20 см
300 _aНа обороте тит. л.: Социальная политика Октябрьской революции / Л. К. Баева
517 1 _aСоциальная политика Октябрьской революции
606 _aВеликая Октябрьская социалистическая революция
_z1917
_2nlr_sh1
686 _aТ3(2)711.29-2
_2rubbk
700 1 _6z01790
_aBaeva
_bL. K.
_gLidija Konstantinovna
_4070
790 1 _6z01700
_aBáeva
_bL. K.
_4070
801 1 _aRU
_bNLR
_c20081216
801 0 _aRU
_bNLR
_gPSBO
852 _aNLR
_jИр51 Д-3/202
942 _cBOOK
980 _aNB